| 000 | 00760 a2200169 4500 | ||
|---|---|---|---|
| 003 | Nust | ||
| 005 | 20221128161852.0 | ||
| 040 | _cNust | ||
| 082 | _a621.3815,LOW | ||
| 100 |
_aLowenberg, Edwin C. _9103723 |
||
| 245 |
_aSchaum's outline of theory and problems of electronic circuits / _cEdwin C. Lowenberg |
||
| 260 |
_aNew York _bMcGraw Hill _cc1967 |
||
| 300 | _a274 p. | ||
| 505 | _aIntroduction (Page-1), One Port Electronic Control Devices (Page-10), Diode Applications (Page-32), General Two Port Networks (Page-50), Two Port Electronic Control Devices-I (Page-68), Two Port Electronic Control Devices-II (Page-121), Linear Amplifiers (Page-168), Electronic Amplifier Topics (Page-228). | ||
| 650 | _aTelecommunication engineering | ||
| 942 |
_2ddc _cBK |
||
| 999 |
_c194243 _d194243 |
||